Understanding Management Study Guide for Management
Saved in:
| Main Author: | |
|---|---|
| Other Authors: | |
| Format: | Book |
| Language: | English |
| Published: |
Boston
Houghton Mifflin Co.
1986
|
| Edition: | 3. ed. |
| Subjects: | |
| Tags: |
No Tags, Be the first to tag this record!
|
MARC
| LEADER | 00000nam a2200000 4500 | ||
|---|---|---|---|
| 001 | c003721 | ||
| 005 | 20221220073535.0 | ||
| 020 | |a 0-395-40028-7 | ||
| 041 | 0 | |a eng | |
| 044 | |a US | ||
| 245 | 1 | 0 | |a Understanding Management |b Study Guide for Management |c Robert Kreitner, Margaret A. Sova |
| 250 | |a 3. ed. | ||
| 264 | 1 | |a Boston |b Houghton Mifflin Co. |c 1986 | |
| 300 | |a 380 s. | ||
| 610 | 2 | 0 | |a riadenie |
| 610 | 2 | 0 | |a história |
| 610 | 2 | 0 | |a plánovanie |
| 610 | 2 | 0 | |a rozhodovanie |
| 610 | 2 | 0 | |a riadenie strategické |
| 610 | 2 | 0 | |a funkcie riadenia |
| 610 | 2 | 0 | |a organizácia riadenia |
| 610 | 2 | 0 | |a práca personálna |
| 610 | 2 | 0 | |a komunikácia |
| 610 | 2 | 0 | |a motivácia pracovná |
| 610 | 2 | 0 | |a vedenie |
| 610 | 2 | 0 | |a skupiny pracovné |
| 610 | 2 | 0 | |a kontrola riadenia |
| 100 | 1 | |a Kreitner, Robert | |
| 700 | 1 | |a Sova, Margaret A. | |